| 000 | 00447nam a22001577a 4500 | ||
|---|---|---|---|
| 005 | 20231113055925.0 | ||
| 008 | 231113b |||||||| |||| 00| 0 eng d | ||
| 041 | _aEnglish | ||
| 082 | _a346.1 CHI | ||
| 100 |
_aSnyman, S et al. _lEnglish |
||
| 245 |
_aThe Child in the Divorce Process / _cS Snyman et al. |
||
| 260 | _c2009 | ||
| 300 |
_b656 pages ; _c30 cm. |
||
| 650 |
_aLegal practice _bLaw |
||
| 942 |
_cBK _6ALISON_BN_VRIES |
||
| 999 |
_c531 _d531 |
||